Bibliobús Montnegre
Descripción Física:
1 punt de llibre ; 23 x 6 cm
MARC
| LEADER | 00000nrm a2200000 a 4500 | ||
|---|---|---|---|
| 001 | 24228 | ||
| 008 | 160829s9999 xx 000 0 cat d | ||
| 080 | |a NBM-9-14 | ||
| 245 | |a Bibliobús Montnegre | ||
| 260 | |a [Barcelona] : |b Diputació de Barcelona, Xarxa de municipis, s.a. | ||
| 300 | |a 1 punt de llibre ; |c 23 x 6 cm | ||
| 610 | 2 | 0 | |9 52876 |a Bibliobús Montnegre |
| 655 | 0 | |a Punts de llibre |9 52700 | |
| 710 | 1 | |a Barcelona (Catalunya : Província). |b Xarxa de Biblioteques Municipals |9 52650 | |
| 856 | |u www.diba.es/biblioteques | ||
| 901 | |a Arxiu | ||
| 942 | |n 1 |2 udc | ||
| 952 | |0 0 |1 0 |4 0 |6 NBM914 |7 1 |9 55351 |a Arxiu |b Arxiu |d 2016-12-01 |l 0 |o NBM-9-14 |p 24228 |r 2016-12-01 00:00:00 |w 2016-12-01 |y ARXIU | ||
| 999 | |c 59224 |d 59224 | ||